00958cam a2200253 450000100060000000300080000600500170001400800390003102000150007003500190008504000270010404100080013108200230013924500680016226000370023030000370026750001230030450400390042765000270046670000510049394200120054499900170055695201310057311742BD-RjUL20211208235156.0140127s1972 maua b 101 0 eng a0316020508 a(BD-RjUL)11791 aDLCcDLCdBD-RjULbeng aeng00a612.8042bBAS 197200aBasic neurochemistry /cedited by R. Wayne Albers... [et. al.]. aBoston :bLittle, Brown,cc1972. axvii, 692 p. :billus. ;c24 cm. aDeveloped from a syllabus constructed at a Conference on Neurochemistry Curriculum held June 19-20, 1969, in New York. aIncludes bibliographies and index. 0aNeurochemistry.9363481 aAlbers, R. Wayne,q(Robert Wayne),eed.936349 2ddccBK c11742d11742 00102ddc40718NFICaRUCLbRUCLcReadingd0000-00-00eCanadal0o612.8042 BAS 1972r2014-01-27 00:00:00tC-1w2014-01-27yBK